|
|
|
|
| LEADER |
00000nab a2200000 a 4500 |
| 001 |
vtls008932391 |
| 003 |
SK-MaSNL |
| 005 |
20260303071356.0 |
| 008 |
140303c2006 xo wrzp 0 0slo |
| 015 |
|
|
|a SNBRB2007/01
|2 snkbucl
|
| 040 |
|
|
|a SNKBUCL
|b slo
|c SNKBUCL
|e AACR2
|
| 041 |
0 |
|
|a slo
|
| 044 |
|
|
|a xo
|c SK
|
| 080 |
|
|
|a 616-089
|2 1997
|
| 080 |
|
|
|a 004.89
|2 1997
|
| 245 |
0 |
0 |
|a Chirurgia na ceste od fiction k science
|b na brnianskom výstavisku bola v rámci medzinárodného kongresu európska premiéra 3D projekcie robotickej operácie so zvukom
|c [autor] (zár)
|
| 300 |
|
|
|a Fotogr.
|
| 611 |
2 |
7 |
|a HOSPIMedika
|d (2006 :
|c Brno, Česko)
|2 snkbucl
|9 1068122
|
| 650 |
0 |
7 |
|a lekárska technika
|2 snkbucl
|9 69208
|
| 650 |
0 |
7 |
|a chirurgia
|2 snkbucl
|9 2178
|
| 650 |
0 |
7 |
|a chirurgická robotika
|2 snkbucl
|9 1069974
|
| 773 |
0 |
|
|t Zdravotnícke noviny
|g Roč. XI, č. 43 (2006), s. 6
|x 1335-4477
|
| 852 |
|
|
|a SNK
|b KIS3GCP
|
| 958 |
|
|
|a MI
|
| 958 |
|
|
|a SK
|
| 999 |
|
|
|c 1759608
|d 1761538
|